Lectura y escritura
Saved in:
| Main Authors: | , , |
|---|---|
| Format: | Bog |
| Sprog: | spansk |
| Udgivet: |
Barcelona
Martínez Roca
1984
|
| Serier: | Conducta humana. Psicología, psiquiatría y salud, 5
|
| Fag: | |
| Tags: |
Tilføj Tag
Ingen Tags, Vær først til at tagge denne postø!
|
MARC
| LEADER | 00000nam a2200000 a 4500 | ||
|---|---|---|---|
| 001 | UCX9463 | ||
| 003 | CL-VaPUC | ||
| 008 | 940607e19840000SP |||||||||||||||||spa|d | ||
| 082 | 0 | 4 | |a 371.92 |b BEN |2 21 |
| 100 | 0 | |a Bender, Michael Philip |e author |9 326860 | |
| 700 | 0 | |a Valletutti, Peter J |e author |9 326861 | |
| 700 | 0 | |a Bender, Rosemary |e author |9 326862 | |
| 245 | 1 | 0 | |a Lectura y escritura |
| 300 | |a 234 p | ||
| 942 | |c BK | ||
| 945 | |d 19940607 00:00:00 |a rbrito | ||
| 260 | |a Barcelona |b Martínez Roca |c 1984 | ||
| 650 | 0 | |a Educación especial |9 307486 | |
| 650 | 7 | |a RETRASADOS MENTALES EDUCACION |2 CL-VaPUC |9 326863 | |
| 583 | |a last modification |c 19940607 00:00:00 |k Rodrigo Vera | ||
| 490 | 0 | |a Conducta humana. Psicología, psiquiatría y salud, 5 | |
| 999 | |c 228692 |d 228690 | ||
| 952 | |0 0 |1 0 |4 0 |6 371_920000000000000_BEN_1984 |7 0 |8 A |9 229052 |a BIBEDU |b BIBEDU |d 2019-11-15 |i 298220K |o 371.92 BEN 1984 |p 298220K |r 2019-11-15 |w 2019-11-15 |y BK |k EPE | ||